|
|
|
|
| LEADER |
00699nam a2200193Ia 4500 |
| 001 |
CTU_168075 |
| 008 |
210402s9999 xx 000 0 und d |
| 082 |
|
|
|a 633.0096
|
| 082 |
|
|
|b B615
|
| 245 |
|
0 |
|a Biotechnology :
|
| 245 |
|
0 |
|b enhancing research on tropical crops in Africa
|
| 245 |
|
0 |
|c edited by G. Thottappilly ... [et al.]
|
| 260 |
|
|
|a Wageningen, Netherlands,Ibadan, Nigeria
|
| 260 |
|
|
|b Technical Centre for Agricultural and Rural Cooperation,International Institute of Tropical Agriculture
|
| 260 |
|
|
|c 1992
|
| 650 |
|
|
|a Tropical crops,Cây trồng nhiệt đới
|
| 650 |
|
|
|x Biotechnology
|
| 910 |
|
|
|a Nguyên
|
| 980 |
|
|
|a Trung tâm Học liệu Trường Đại học Cần Thơ
|